[Event "Victoria Island op"]
[Site "Victoria"]
[Date "2005.06.18"]
[Round "1.7"]
[White "Churchill, Sam"]
[Black "Arnold, Brad"]
[Result "1-0"]
[WhiteElo "1602"]
[BlackElo "1435"]
[PlyCount "63"]
[EventDate "2005.06.18"]
[EventType "swiss"]
[EventRounds "4"]
[EventCountry "CAN"]
[SourceTitle "EXT 2022"]
[Source "ChessBase"]
[SourceDate "2021.10.06"]
[SourceVersion "1"]
[SourceVersionDate "2021.10.06"]
[SourceQuality "1"]

1. e4 c5 2. b3 Nc6 3. Bb2 d6 4. Bb5 Qc7 5. f4 Bd7 6. Nf3 e6 7. 0-0 Nge7 8. Qe1 a6 9. Bxc6 Nxc6 10. d3 Nd4 11. Nxd4 cxd4 12. Qf2 Rc8 13. Na3 b5 14. Bxd4 Qa5 15. Nb1 Qc7 16. c4 f6 17. Qh4 e5 18. Bb2 Be6 19. Nd2 Be7 20. Kh1 0-0 21. Rf3 f5 22. Qh5 Bf6 23. fxe5 Bxe5 24. Bxe5 dxe5 25. exf5 Rxf5 26. Ne4 Rxf3 27. gxf3 Rf8 28. Rg1 Qf7 29. Rf1 Qxh5 30. Ng5 Rf6 31. Rg1 Rg6 32. Nxe6 1-0